| 000 | 00811nam a22002777a 4500 | ||
|---|---|---|---|
| 005 | 20181113105527.0 | ||
| 008 | 181113b xxu||||| |||| 00| 0 spa d | ||
| 020 | _a9788428339070 | ||
| 041 | _aspa | ||
| 082 | _a1.5.16 A779i | ||
| 100 |
_aArroyo Manzanedo, Emma _950589 |
||
| 100 |
_aCoque Martínez, María Luisa _950590 |
||
| 245 | _aInformación y atención al visitante UF0082 | ||
| 260 | _aEspaña | ||
| 260 | _bParaninfo | ||
| 260 | _c2016 | ||
| 300 | _a74 páginas | ||
| 650 |
_aINFORMACIÓN TURÍSTICA _922302 |
||
| 650 |
_aORIENTACIÓN TURÍSTICA _950591 |
||
| 650 |
_aASISTENCIA AL TURISTA _950592 |
||
| 650 |
_aTÉCNICAS DE PROTOCOLO _950593 |
||
| 650 |
_aIMAGEN PERSONAL _92785 |
||
| 650 |
_aTIPOLOGÍA DE CLIENTES _950594 |
||
| 650 |
_aMEDIOS DE RESPUESTA _950595 |
||
| 942 | _cBK | ||
| 999 |
_c11313 _d11313 |
||